Statistics for Countries Fidel Castro visited

Click here to take the quiz!

General Stats

  • This quiz has been taken 63 times
  • The average score is 4 of 6

Answer Stats

ContinentCountry% Correct
North AmericaUnited States of America
87%
South AmericaChile
78%
South AmericaColombia
76%
Asia/ EuropeRussia
72%
North AmericaCuba
69%
North AmericaDominican Republic
50%

Score Distribution

Percentile by Number Answered

Percent of People with Each Score

Your Score History

You have not taken this quiz